| 000 | 00386nam a2200145Ia 4500 | ||
|---|---|---|---|
| 005 | 20250318023755.0 | ||
| 008 | 240331s9999 xx 000 0 und d | ||
| 082 |
_bKRI _a894 |
||
| 100 | _aKrishnasamy, P | ||
| 245 | 0 | _aJeyakanthan ilakkiya thadam | |
| 260 |
_aBangalore _bKaavya _c1997 |
||
| 300 | _a255 p ., | ||
| 500 | _aA collection of essays on Jayakanth and his writing | ||
| 942 | _cL | ||
| 999 |
_c3867 _d3867 |
||